Adsorption at solid surfaces : Proceedings of the second interdiscip linary surface science conference.England, University of Warwick, 17.- 20. March 1975 /

Na minha lista:
Detalhes bibliográficos
Outros Autores: Brundle, C.R (Editor), Todd, C.J (Editor)
Formato: Livro
Idioma:inglês
Publicado em: Amsterdam : North-Holland, 1975
Tags: Adicionar Tag
Sem tags, seja o primeiro a adicionar uma tag!

MARC

LEADER 00000nam a22000003a 4500
001 stu201899
005 20150617230106.9
008 100331s1975----ne------------------eng-d
040 |a STU  |b slo 
041 0 |a eng 
044 |a ne 
080 |a 539.211(08) 
080 |a 061.3(424.8) 
100 1 |a Brundle, C.R.  |4 edt 
245 1 |a Adsorption at solid surfaces :  |b Proceedings of the second interdiscip linary surface science conference.England, University of Warwick, 17.- 20. March 1975 /  |c Ed.: Brundle, C.R., Todd, C.J. 
260 |a Amsterdam :  |b North-Holland,  |c 1975 
300 |a 744 s 
700 1 |a Todd, C.J.  |4 edt 
996 |b E41782  |c E*41782  |l EE11  |s P  |a 0  |w stu201899_0001